| 000 | 01454nam2a22002531 4500 | ||
|---|---|---|---|
| 001 | RU\NLR\INFOCOMM19\1000036204 | ||
| 005 | 20250617155858.0 | ||
| 035 | _a(NLR Aleph) 002759934 | ||
| 090 |
_a2221889 _c2221889 |
||
| 100 | _a20040213d1934 |||y0rusy50 ca | ||
| 101 | 0 | _arus | |
| 102 | _aRU | ||
| 105 | _ay ||||||||| | ||
| 200 | 1 | _aУборка и сушка табака | |
| 210 |
_d1934 _aБ. м. |
||
| 309 | _aНа обл. дата ошибочно: 1924 | ||
| 461 | 0 |
_1001RU\NLR\INFOCOMM19\1000036194 _12001#$a[Издания]$eДля практического пользования$fНаркомснаб СССР. Главтабак. Всесоюз. ин-т табачной пром. Сектор реализации и техпропаганды$v№28(10) _92221800 _aВсесоюзный научно-исследовательский институт табака и махорки им. А.И.Микояна (Краснодар). Сектор реализации и техпропаганды _cКраснодар _d1934 _fНаркомснаб СССР. Главтабак. Всесоюз. ин-т табачной пром. Сектор реализации и техпропаганды _oДля практического пользования _t[Издания] _v№28(10) |
|
| 801 | 1 |
_aRU _bInfoComm _c20040213 |
|
| 801 | 0 |
_aRU _bNLR _gPSBO |
|
| 852 |
_aNLR _jП13/649 |
||
| 942 | _cISSUE | ||
| 980 | _aNB | ||
| 980 | _aRUSPER | ||